000 02074nam0a2200409 4500
001 RU\NLR\BIBL_A\022236702
005 20240701160137.0
010 _a978-5-907203-90-7
_9300
021 _aRU
_bКН-П-24-020657
_9КН-П-24-2161
035 _a(NLR Aleph) 022236702
090 _a13147713
_c13147713
100 _a20240529d2022 u y0rusy50 ca
101 1 _arus
_ceng
102 _aRU
105 _aa|||z|||001zy
181 0 _ai
_baxxe
182 0 _an
200 1 _aПоведенческие эксперименты в когнитивной терапии
_eоксфордское руководство
_fДжеймс Беннетт-Леви, Джиллиан Батлер, Мелани Феннелл [и др.]
_gпод редакцией: Джеймс Беннетт-Леви [и др.]
_gперевод с английского и редакция Т. А. Иссмаил
203 _aТекст
_bвизуальный
_cнепосредственный
210 _aМосква
_cСанкт-Петербург
_cДиалектика
_d2022
215 _a536 с.
_cил.
_d24
225 1 _aКПТ наука и практика
300 _aЗагл. ориг.: Oxford guide to behavioural experiments in cognitive therapy
300 _aАвт. указаны на обороте тит. с.
320 _aБиблиогр. в конце глав
320 _aПредм. указ.: с. 529-536
454 0 _12001#$aOxford guide to behavioural experiments in cognitive therapy
_tOxford guide to behavioural experiments in cognitive therapy
606 1 _aКогнитивная терапия
_jРуководства, пособия и т.п
_91523836
_3RU\NLR\AUTH\66662811
686 1 _aР357.1я7
686 1 _aЮ935.1я7
701 1 _7ca
_8rus
_aБеннетт-Леви
_bД.
_gДжеймс
_9233058
_3RU\NLR\AUTH\770233114
701 1 _aБатлер
_bД.
_gДжиллиан
701 1 _aФеннелл
_bМ.
_gМелани
942 _cBOOK
980 _aNB